000 00591nam a2200217Ia 4500
005 20250508164526.0
008 008 250505s9999 xx 000 0 hin d
037 _aTextual
040 _aFEDL
_beng
_cFEDL
041 _ahin
_2hin
084 _a370, SOL
_qFEDL
100 _aSolanki Amar Singh
_9767078
245 0 _aBuniyadi shiksha mein anubandh ki kala
260 _aAhmedabad, India
_bNavjivan Prakashan Mandir
_c1962
300 _a240p.
365 _aINR
_b2.9
546 _aMACSES
650 _aEducation
942 _cTEXL
_h370, SOL
999 _c1389588
_d1389588